| 000 | 00967nam a2200325 i 4500 | ||
|---|---|---|---|
| 001 | 200467180 | ||
| 003 | TR-AnTOB | ||
| 005 | 20260122164907.0 | ||
| 007 | ta | ||
| 008 | 260122t19871985sw a bi 001 0 eng d | ||
| 020 | _a9127016854 | ||
| 040 |
_aTR-AnTOB _beng _erda _cTR-AnTOB |
||
| 041 | 1 |
_aeng _hswe |
|
| 050 | 4 |
_aDL621 _b.E7557 1987 |
|
| 090 |
_aDL621 _b.E7557 1987 |
||
| 100 | 1 |
_aErikson, Bo G. _eauthor _9152063 |
|
| 245 | 1 | 0 |
_aA Scandinavian saga / _cyazar, Bo G. Erikson; fotoğraflar, Carl O. Löfman. |
| 264 | 1 |
_aSweden : _bNatur och Kultur, _c1987. |
|
| 264 | 4 | _c©1985 | |
| 300 |
_a256 pages : _billustrations ; _c28 cm |
||
| 336 |
_atext _btxt _2rdacontent |
||
| 337 |
_aunmediated _bn _2rdamedia |
||
| 338 |
_avolume _bnc _2rdacarrier |
||
| 500 | _aPictures from Prehistory. | ||
| 504 | _aBIBINDX | ||
| 651 | 0 |
_aSweden _xAntiquities _9152064 |
|
| 700 | 1 |
_aLöfman, Carl O. _ephotographer _9152065 |
|
| 942 |
_2lcc _cBK |
||
| 999 |
_c200467180 _d85392 |
||